Community programmes for low-income populations in urban settlements of developing countries /

Guardat en:
Dades bibliogràfiques
Autor corporatiu: United Nations. Dept. of Economic and Social Affairs
Format: Llibre
Idioma:English
Publicat: [New York] : United Nations, 1976.
Col·lecció:[Document] - United Nations ; ST/ESA/52
Matèries:
LEADER 01341nam a2200313 i 4500
001 c000042605
003 CARM
005 00000000000000.0
008 770916s1976 nyu b i00010 eng
019 1 |a 1030866  |5 LACONCORD2021 
020 |c $3.00 
035 |a (OCoLC)2592903  |5 LACONCORD2021 
050 0 0 |a JX1977  |b .A2 ST/ESA/52  |a HN980 
051 |a HN980  |b .U54 1976  |c Copy 2. 
110 2 0 |a United Nations.  |b Dept. of Economic and Social Affairs. 
245 0 0 |a Community programmes for low-income populations in urban settlements of developing countries /  |c Department of Economic and Social Affairs. 
260 |a [New York] :  |b United Nations,  |c 1976. 
300 |a iv, 39 p. ;  |c 28 cm. 
490 1 |a [Document] - United Nations ; ST/ESA/52 
500 |a "United Nations publication. Sales no. E.76.IV.9." 
504 |a Bibliography: p. 27-39. 
650 0 |a Community development, Urban. 
650 0 |a Squatter settlements. 
740 1 |a Community programmes for low-income populations in urban settlements ... 
810 2 |a United Nations.  |t Document ;  |v ST/ESA/52. 
852 8 |b CARM  |h A2:AF05C1  |i D00933  |p 0059589  |f BK 
082 0 4 |a 300/.8 s  |a 309.2/62 
999 f f |i cddfae4d-bec1-5b76-91c6-d1fe75bf3ee8  |s c84bb8ff-9f51-5a59-a61b-4da7f0c565f6 
952 f f |p Can circulate  |a CAVAL  |b CAVAL  |c CAVAL  |d CARM 1 Store  |e D00933  |f A2:AF05C1  |h Other scheme  |i book  |m 0059589